000 02440nam a2200337 i 4500
001 9931006008204761
005 20210213134347.0
008 200516t20192019enka sb 001 0 eng d
020 _a9781787354432
_qhardback
020 _a9781787354425
_qpaperback
020 _a9781787354418
_qPDF
020 _a9781787354449
_qepub
020 _a9781787354456
_qmobi
040 _aUkLUC
_beng
_erda
_cUkLUC
245 0 0 _aGeorges Perec's geographies :
_bmaterial, performative and textual spaces /
_cedited by Charles Forsdick, Andrew Leak and Richard Phillips.
264 1 _bUCL Press,
300 _a1 online resource :
_billustrations.
500 _aThis book is published under a Creative Commons CC BY-NC license (CC BY-NC4.0).
504 _aIncludes bibliographical references and index.
505 0 _a1. Introduction: Georges Perec's geographies; Perecquian geographies -- Part I, Perec's geographies. 2. The mapping of loss ; 3. 'Entre Frence et Engleterre': toponyms and the poetics of reference in Perec's fiction ; 4. Vanishing points: shifting perspectives on The Man Who Sleeps / Un homme qui dort ; 5. Species of Spaces and the politics of scale: Perec, Gaullism and geography after Lefebvre ; 6. Accumulation versus dispersion: Perec and 'his' diaspora ; 7. Islands, camps, zones: towards a nissological reading of Perec ; 8. Textual, audio and physical space: adapting Perec's radio plays for theatre -- Part II, Perecquian geographies. 9. Perecquian soundscapes ; 10. Perecquian spaces for performance practice ; 11. Embodiment and everyday space: dancing with Georges Perec ; 12. Seeing more flatly: The Regional Book ; 13. Endotic Englishness: Meades, Perec and the everyday curiosities of place ; 14. Perecquian fieldwork: photography and the fairground ; 15. 'Force yourself to see more flatly': a photographic investigation of the infra-ordinary.
533 _aElectronic reproduction.
_bLondon :
_cUCL Press,
_d2019.
_nAvailable in PDF format.
_nDescription based on contents viewed 16 May 2020.
600 1 0 _aPerec, Georges,
_d1936-1982
_xCriticism and interpretation.
700 1 _aForsdick, Charles,
_eeditor.
700 1 _aLeak, Andrew N.,
_d1956-
_eeditor.
700 1 _aPhillips, Richard,
_d1965-
_eeditor.
856 4 0 _uhttps://doi.org/10.14324/111.9781787354418
999 _c27376
_d27376